|
|
|
|
| LEADER |
01260nam a22002777a 4500 |
| 001 |
37825 |
| 003 |
BD-DhAAL |
| 008 |
220227t2005 ii d|||| |||| 00| 0 ben d |
| 999 |
|
|
|c 43606
|d 43606
|
| 040 |
|
|
|a BD-DhAAL
|
| 041 |
|
|
|a ben
|
| 082 |
|
|
|a 370
|2 23
|
| 245 |
|
|
|a শিক্ষার ভিত্তি ও বিকাশ,
|n প্রথম পত্র /
|c দেবাশিষ পাল ... [et al.].
|
| 250 |
|
|
|a প্রথম প্রকাশ
|
| 260 |
|
|
|a কলকাতা :
|b রীতা বুক এজেন্সি,
|c ২০০৫
|
| 300 |
|
|
|a ৩০৮ পৃষ্ঠা :
|b চার্ট ;
|c ২২ সে.মি.
|
| 526 |
|
|
|a BIED
|
| 541 |
|
|
|a Complimentary copy from BIED
|e 37825
|
| 650 |
|
|
|a Education.
|9 46186
|
| 700 |
|
|
|a পাল, দেবাশিস
|9 46187
|
| 700 |
|
|
|a দাশ, মধুমিতা
|9 46188
|
| 700 |
|
|
|a ধর, দেবাশিস
|9 46189
|
| 700 |
|
|
|a ব্যানার্জি, পারমিতা
|9 46190
|
| 852 |
|
|
|a Ayesha Abed Library
|c BIED Collection
|
| 942 |
|
|
|2 ddc
|c BK
|
| 952 |
|
|
|0 0
|1 0
|2 ddc
|4 0
|6 370_000000000000000_SHI
|7 0
|9 69921
|a BRACUL
|b BRACUL
|c GEN
|d 2022-02-27
|e Complimentary copy from BIED
|l 0
|o 370 SHI
|p 3010037825
|r 2022-02-27
|t 1
|w 2022-02-27
|y BK
|x Transferred from BIED to General Stacks
|